Vydanie novelizovanej podoby IAS 23 a ilustrácia aktivácie nákladov na prijaté úvery a pôžičky

Problematika nákladov na prijaté úvery a pôžičky a ich aktivácia do obstarávacích nákladov špecificky vymedzených aktív. Ilustrácia prístupu na príkladoch k aktivácii nákladov na prijaté úvery a pôžičky, najmä ich stanovenie.

Gespeichert in:
Bibliographische Detailangaben
1. Verfasser: Mokošová, Daša, 1979-
Weitere Verfasser: Vašek, Libor
Format: Buchkapitel
Sprache:Slowakisch
Schlagworte:
Tags: Tag hinzufügen
Keine Tags, Fügen Sie das erste Tag hinzu!

MARC

LEADER 00000naa$a2200000$$$4500
001 0059044
005 20240502071646.8
041 0 |a slo 
044 |a SK 
245 1 0 |a Vydanie novelizovanej podoby IAS 23 a ilustrácia aktivácie nákladov na prijaté úvery a pôžičky  |c Daša Mokošová, Libor Vašek 
520 |a Problematika nákladov na prijaté úvery a pôžičky a ich aktivácia do obstarávacích nákladov špecificky vymedzených aktív. Ilustrácia prístupu na príkladoch k aktivácii nákladov na prijaté úvery a pôžičky, najmä ich stanovenie. 
610 2 0 |a normy účtovné 
610 2 0 |a náklady 
610 2 0 |a obstarávanie 
610 2 0 |a štandardy účtovné medzinárodné 
610 2 0 |a úver 
610 2 0 |a pôžičky 
100 1 |a Mokošová, Daša, 1979- 
700 1 |a Vašek, Libor